| 000 | 00644nam a22002057a 4500 | ||
|---|---|---|---|
| 999 |
_c9567 _d9567 |
||
| 003 | AR-CdUCM | ||
| 008 | 190328b ||||| |||| 00| 0 spa d | ||
| 020 | _a978-612-4299-45-2 | ||
| 040 |
_aMUNICIPALIDAD PROVINCIAL DEL CUSCO _cBIBLIOTECA MUNICIPAL DEL CUSCO |
||
| 082 |
_aPI-0073 / _bVER / fam |
||
| 100 |
_aVera, Claudia _925851 |
||
| 245 | _aUna familia para Rodolfo / | ||
| 260 |
_aLima : _bSantillana, _bLoqueleo, _c2016. |
||
| 300 |
_a28 páginas ; _bilustraciones a color, _c19 cm. |
||
| 650 |
_aCuentos infantiles _914480 |
||
| 650 |
_aSiglo XX _98 |
||
| 700 |
_aHild, Nora (Ilustrador) _925852 |
||
| 942 |
_2ddc _cLIBROS |
||
| 945 | _araen | ||